书目信息 |
| 题名: |
英语书法速成字帖
|
|
| 作者: | 李放鸣 书 | |
| 分册: | ||
| 出版信息: | 成都 天地出版社 2000.03 |
|
| 页数: | 60页 | |
| 开本: | 20cm | |
| 丛书名: | ||
| 单 册: | ||
| 中图分类: | J293 | |
| 科图分类: | ||
| 主题词: | 书法 , 篆刻 | |
| 电子资源: | ||
| ISBN: | 7-80624-394-1 | |
| 000 | 00556nam0 2200205 45 | |
| 001 | 0006131692 | |
| 005 | 20000613161601.6 | |
| 010 | @a7-80624-394-1@d5.00元 | |
| 100 | @a20000613d2000 km y0chiy0120 ea | |
| 101 | 0 | @achi |
| 105 | @a z 000yy | |
| 200 | 1 | @a英语书法速成字帖@AYing Yu Shu Fa Su Cheng Zi Tie@f李放鸣 书@FLi Fang Ming Shu |
| 210 | @a成都@c天地出版社@d2000.03 | |
| 215 | @a60页@d20cm | |
| 606 | 0 | @a书法 |
| 606 | 0 | @a篆刻 |
| 690 | @aJ293@v3 | |
| 701 | 0 | @a李放鸣@4书 |
| 801 | @aCN@bPftUser@c20000613 | |
| 905 | @aBZT@b71760-761@dJ293@e2@f2 | |
| 英语书法速成字帖/李放鸣 书.-成都:天地出版社,2000.03 |
| 60页;20cm |
| ISBN 7-80624-394-1:5.00元 |
| ● |
| 相关链接 |
|
|
|
正题名:英语书法速成字帖
索取号:J293/2
 
预约/预借
| 序号 | 登录号 | 条形码 | 馆藏地/架位号 | 状态 | 备注 |
| 1 | 71760 | 200714370 | 中心书库中库/ 中库016架B面7列3层44/ [索取号:J293/2] | 在馆 | |
| 2 | 71761 | 200714281 | 中心书库中库/ 中库020架A面1列4层32/ [索取号:J293/2] | 在馆 |